Audrey Hepburn Trivia - Statistics

General Stats
  • This quiz has been taken 47 times
  • The average score is 11 of 20
Answer Stats
Question Answer % Correct
In which film does Audrey's character have a cat called Cat? Breakfast at Tiffany's
97%
What country was Audrey born in? Belgium
84%
What film did Audrey win her Oscar for? Roman Holiday
78%
Other than English, what was Audrey's native language? Dutch
70%
What film adaptation of a famous novel by Leo Tolstoy did Audrey star in? War and Peace
70%
In which year did Audrey pass away? 1993
68%
Who was Audrey's co-star in Funny Face? Fred Astaire
65%
What activity did Audrey study before she became an actress? Ballet
62%
What humanitarian aid did Audrey become an ambassador for? UNICEF
62%
What accent did Audrey speak with in My Fair Lady? Cockney
59%
Which designer did Audrey often collaborate with Hubert de Givenchy
54%
Audrey was one of only a few to have won which prestigious group of awards? EGOT
46%
What is the nickname of the infamous dress Audrey wears in Breakfast at Tiffany's? Little black dress
43%
Who was Audrey's first husband? Mel Ferrer
43%
In what film were Audrey and Shirley MacLaine's characters accused of being lesbians? The Children's Hour
38%
Audrey starred in The Unforgiven. What genre was it? Western
32%
Who directed Audrey in Love in the Afternoon and Sabrina? Billy Wilder
30%
What was Audrey's last film role? Always
27%
Which film about a Nottinghamshire legend did Audrey play in? Robin and Marian
19%
In which stage play did Audrey play a water nymph? Ondine
16%
No matching quizzes found
Score Distribution
Percent of People with Each Score
Percentile by Number Answered
Your Score History
You have not taken this quiz